• 首页
  • 本馆介绍
  • 公告通知
  • 最新文献
  • 馆藏检索
  • 电子资源
  • 读者导购
  • 参考咨询
  • 我的图书馆
  • 登录
  • 详细信息显示
  • 放入我的书架
  • 预约/预借图书
  • 作者相关作品
  • 分类相关作品
  • 丛书相关作品
  • 出版社相关作品

书目信息

  • 表格格式
  • 工作单格式
  • 卡片格式
题名:
生物统计学
    
 
作者: 李春喜 编著
分册:  
出版信息: 北京   科学出版社  1997
页数: 264页
开本: 26cm
丛书名:
单 册:
中图分类: Q-332
科图分类:
主题词: 生物统计
电子资源:
ISBN: 7-03-006069-5
000 00559nam0 2200217 45
001 0197043582
005 20040524160226.4
010    @a7-03-006069-5@dCNY25
100    @a19971209d1997 em y0chiy0121 ea
101 0  @achi
102    @aCN@b110000
105    @ay z 000yy
106    @ar
200 10 @a生物统计学@Asheng wu tong ji xue@f李春喜等编著
210    @a北京@c科学出版社@d1997
215    @a264页@d26cm
606    @a生物统计
690    @aQ-332@v3
701  0 @a李春喜@Ali chun xi@4编著
801  0 @aCN@bNLC@c19971224
905    @f2@b280242-243@dQ-332@e32
    
    生物统计学/李春喜等编著.-北京:科学出版社,1997
    264页;26cm
    
    
    ISBN 7-03-006069-5:CNY25
    
●
相关链接 在E读中查询图书 在五车中查询图书 在当当中查询图书 在豆瓣中查询图书


正题名:生物统计学     索取号:Q-332/32         预约/预借

序号 登录号 条形码 馆藏地/架位号 状态 备注
1 0280242   002802426   密集书库/ [索取号:Q-332/32] 在馆    
2 0280243   002802435   密集书库/ [索取号:Q-332/32] 在馆    
3 0280244   002802444   第二样本阅览室/ [索取号:Q-332/32] 在馆    
唐山师范学院图书馆 欢迎您!
大连网信软件有限公司© 版权所有